000
00332nam a2200145Ia 4500
008
230718s9999 xx 000 0 und d
041
_a
Eng.
082
_a
332.4
_b
KHA-I
100
_a
Khan, Saghir Ahmad
245
0
_a
Income Tax seedings
260
_a
Pakistan
_b
Mansal bone
_c
2002
300
_a
238
650
_a
Law
999
_c
29148
_d
29148